<?xml version="1.0" encoding="UTF-8"?>
<record
    xmlns:xsi="http://www.w3.org/2001/XMLSchema-instance"
    xsi:schemaLocation="http://www.loc.gov/MARC21/slim http://www.loc.gov/standards/marcxml/schema/MARC21slim.xsd"
    xmlns="http://www.loc.gov/MARC21/slim">

  <leader>01251nam a22002777a 4500</leader>
  <controlfield tag="005">20170124103205.0</controlfield>
  <datafield tag="010" ind1=" " ind2=" ">
    <subfield code="a">B-242480</subfield>
  </datafield>
  <datafield tag="020" ind1=" " ind2=" ">
    <subfield code="c">75.00</subfield>
  </datafield>
  <datafield tag="035" ind1=" " ind2=" ">
    <subfield code="a">B-242480</subfield>
  </datafield>
  <datafield tag="037" ind1=" " ind2=" ">
    <subfield code="b">Cen Lib/Ret</subfield>
  </datafield>
  <datafield tag="040" ind1=" " ind2=" ">
    <subfield code="a">DPL</subfield>
    <subfield code="b">HN</subfield>
  </datafield>
  <datafield tag="082" ind1=" " ind2=" ">
    <subfield code="a">371.28</subfield>
    <subfield code="b">&#x939;&#x94B;&#x932;&#x94D;&#x91F;&#x91C;&#x949;</subfield>
  </datafield>
  <datafield tag="100" ind1=" " ind2=" ">
    <subfield code="a">&#x939;&#x94B;&#x932;&#x94D;&#x91F;, &#x91C;&#x949;&#x928; </subfield>
    <subfield code="9">93504</subfield>
  </datafield>
  <datafield tag="245" ind1=" " ind2=" ">
    <subfield code="a">&#x92C;&#x91A;&#x94D;&#x91A;&#x947; &#x905;&#x938;&#x92B;&#x932; &#x915;&#x948;&#x938;&#x947; &#x939;&#x94B;&#x924;&#x947; &#x939;&#x948;&#x902; /</subfield>
    <subfield code="c">&#x91C;&#x949;&#x928; &#x939;&#x94B;&#x932;&#x94D;&#x91F; ; &#x905;&#x928;&#x941;&#x935;&#x93E;&#x926;&#x915; &#x92A;&#x942;&#x930;&#x94D;&#x935;&#x93E; &#x92F;&#x93E;&#x91C;&#x94D;&#x91E;&#x93F;&#x915; &#x915;&#x941;&#x936;&#x935;&#x93E;&#x939;</subfield>
  </datafield>
  <datafield tag="246" ind1=" " ind2=" ">
    <subfield code="a">Bachche asafal kaise hote hain /</subfield>
    <subfield code="b">by John Holt ; anuvadak Purva Ygayik Kushwah </subfield>
  </datafield>
  <datafield tag="250" ind1=" " ind2=" ">
    <subfield code="a">4th ed</subfield>
  </datafield>
  <datafield tag="260" ind1=" " ind2=" ">
    <subfield code="a">&#x92D;&#x94B;&#x92A;&#x93E;&#x932; </subfield>
    <subfield code="b">&#x90F;&#x915;&#x932;&#x935;&#x94D;&#x92F; </subfield>
    <subfield code="c">2002</subfield>
  </datafield>
  <datafield tag="270" ind1=" " ind2=" ">
    <subfield code="b">&#x92D;&#x94B;&#x92A;&#x93E;&#x932; </subfield>
    <subfield code="a">&#x908;-7/543, &#x905;&#x930;&#x947;&#x930;&#x93E; &#x915;&#x93E;&#x932;&#x94B;&#x928;&#x940; </subfield>
    <subfield code="e">462016</subfield>
  </datafield>
  <datafield tag="300" ind1=" " ind2=" ">
    <subfield code="a">283&#x92A;&#x943;. </subfield>
    <subfield code="c">20&#x938;&#x947;&#x92E;&#x940;.(&#x938;&#x91C;&#x93F;&#x932;&#x94D;&#x926;)</subfield>
  </datafield>
  <datafield tag="650" ind1=" " ind2=" ">
    <subfield code="a">&#x936;&#x93F;&#x915;&#x94D;&#x937;&#x93E; -- &#x935;&#x93E;&#x938;&#x94D;&#x924;&#x935;&#x93F;&#x915; &#x91C;&#x94D;&#x91E;&#x93E;&#x928; </subfield>
    <subfield code="9">49030</subfield>
  </datafield>
  <datafield tag="650" ind1=" " ind2=" ">
    <subfield code="a">&#x936;&#x93F;&#x915;&#x94D;&#x937;&#x915;&#x94B;&#x902; &#x915;&#x940; &#x905;&#x938;&#x92B;&#x932;&#x924;&#x93E; </subfield>
    <subfield code="9">1911</subfield>
  </datafield>
  <datafield tag="650" ind1=" " ind2=" ">
    <subfield code="a">Education -- Actual knowledge</subfield>
    <subfield code="9">93505</subfield>
  </datafield>
  <datafield tag="650" ind1=" " ind2=" ">
    <subfield code="a">Failure of teachers</subfield>
    <subfield code="9">93506</subfield>
  </datafield>
  <datafield tag="700" ind1=" " ind2=" ">
    <subfield code="a">&#x915;&#x941;&#x936;&#x935;&#x93E;&#x939;, &#x92A;&#x942;&#x930;&#x94D;&#x935;&#x93E; &#x92F;&#x93E;&#x91C;&#x94D;&#x91E;&#x93F;&#x915;</subfield>
    <subfield code="9">93507</subfield>
  </datafield>
  <datafield tag="942" ind1=" " ind2=" ">
    <subfield code="2">ddc</subfield>
    <subfield code="c">HN</subfield>
    <subfield code="h">371.28</subfield>
    <subfield code="m">&#x939;&#x94B;&#x932;&#x94D;&#x91F;&#x91C;&#x949;</subfield>
  </datafield>
  <datafield tag="999" ind1=" " ind2=" ">
    <subfield code="c">120944</subfield>
    <subfield code="d">120944</subfield>
  </datafield>
  <datafield tag="952" ind1=" " ind2=" ">
    <subfield code="0">0</subfield>
    <subfield code="1">0</subfield>
    <subfield code="4">0</subfield>
    <subfield code="7">0</subfield>
    <subfield code="a">L</subfield>
    <subfield code="b">L</subfield>
    <subfield code="d">2015-09-29</subfield>
    <subfield code="e">Cen Lib/Ret</subfield>
    <subfield code="g">75.00</subfield>
    <subfield code="l">0</subfield>
    <subfield code="o">371.28 &#x939;&#x94B;&#x932;&#x94D;&#x91F;&#x91C;&#x949;</subfield>
    <subfield code="p">B-242480</subfield>
    <subfield code="r">2015-09-29 00:00:00</subfield>
    <subfield code="t">1</subfield>
    <subfield code="v">75.00</subfield>
    <subfield code="w">2015-09-29</subfield>
    <subfield code="y">HN</subfield>
  </datafield>
</record>
